Score 0/22 Timer 07:00
3 Plays Today
% Correct
Apollo 13
94.9%
The Sixth Sense
93.7%
The Birds
93.1%
Liar Liar
89.2%
Bill & Ted's Excellent Adventure
86.5%
Commando
86.2%
Cabaret
85.7%
Twister
83.4%
There's Something About Mary
83.1%
It Follows
72.3%
This Is the End
70.8%
% Correct
Dog Day Afternoon
67.8%
There Will Be Blood
66.1%
The Blues Brothers
66.1%
Men in Black
64.6%
Teen Wolf
63.5%
Once Upon a Time in the West
61.8%
Zootopia
59.6%
Kiss Kiss Bang Bang
57.5%
The Cat in the Hat
51.9%
Prometheus
46.1%
Starship Troopers
43%
Remove Ads.
Support Sporcle.
Get the best of Sporcle when you Go Orange. This ad-free experience offers more features, more stats, and more fun while also helping to support Sporcle. Thank you for becoming a member.

You're not logged in!

Compare scores with friends on all Sporcle quizzes.
OR
Log In

Show Comments

Extras

Top Quizzes Today


Score Distribution

Your Account Isn't Verified!

In order to create a playlist on Sporcle, you need to verify the email address you used during registration. Go to your Sporcle Settings to finish the process.

Report this User

Report this user for behavior that violates our Community Guidelines.

Details: